Hello, Hello: Segundo nivel de Ingles, libro de texto y ejercicio / Guillermina Saíz y otros. (Registro nro. 965)
[ vista simple ]
| 000 -LEADER | |
|---|---|
| fixed length control field | 00500nam a22001811a 4500 |
| 001 - CONTROL NUMBER | |
| control field | 965 |
| 003 - CONTROL NUMBER IDENTIFIER | |
| control field | OSt |
| 005 - DATE AND TIME OF LATEST TRANSACTION | |
| control field | 20260204211716.0 |
| 008 - FIXED-LENGTH DATA ELEMENTS--GENERAL INFORMATION | |
| fixed length control field | 040115s2000||||dr ||||||b||||||||||Ing|| |
| 050 ## - LIBRARY OF CONGRESS CALL NUMBER | |
| Classification number | RD 371.97 H363h |
| 082 ## - DEWEY DECIMAL CLASSIFICATION NUMBER | |
| Classification number | RD 371.97 H363h |
| 245 ## - TÍTULO PROPIAMENTE DICHO: SUBTÍTULO | |
| Title | Hello, Hello: Segundo nivel de Ingles, libro de texto y ejercicio / Guillermina Saíz y otros. |
| 264 ## - PRODUCTION, PUBLICATION, DISTRIBUTION, MANUFACTURE, AND COPYRIGHT NOTICE | |
| Place of production, publication, distribution, manufacture | Santo Domingo : SEEC |
| 300 ## - PHYSICAL DESCRIPTION | |
| Extensión | 152 p. |
| 650 ## - ASIENTO SECUNDARIO DE MATERIA -- TERMINO TEMÁTICO | |
| Termino Temático Como Elemento de Entrada | 1.Educación Bilingue |
| 700 ## - ASIENTO SECUNDARIO -- NOMBRE PERSONAL | |
| Personal name | Sainz, GuillerminaÌ |
| 942 ## - ADDED ENTRY ELEMENTS (KOHA) | |
| Source of classification or shelving scheme | Dewey Decimal Classification |
| Koha item type | Libros |
| Withdrawn status | Lost status | Source of classification or shelving scheme | Damaged status | Not for loan | Current library | Date acquired | Full call number | Barcode | Date last seen | Price effective from | Koha item type | Total Checkouts |
|---|---|---|---|---|---|---|---|---|---|---|---|---|
| Dewey Decimal Classification | Descartado para donación | Biblioteca UTECO | 09/09/2019 | RD 371.97 H363H | 005276 | 09/09/2019 | 09/09/2019 | Libros | ||||
| Dewey Decimal Classification | Biblioteca UTECO | 09/09/2019 | RD 371.97 H363H | 006325 | 09/09/2019 | 09/09/2019 | Libros | |||||
| Dewey Decimal Classification | Biblioteca UTECO | 09/09/2019 | RD 371.97 H363H | 006326 | 09/09/2019 | 09/09/2019 | Libros | |||||
| Dewey Decimal Classification | Biblioteca UTECO | 09/09/2019 | RD 371.97 H363H | 007607 | 09/09/2019 | 09/09/2019 | Libros | |||||
| Dewey Decimal Classification | Biblioteca UTECO | 09/09/2019 | RD 371.97 H363H | 007608 | 09/09/2019 | 09/09/2019 | Libros | |||||
| Dewey Decimal Classification | Descartado para donación | Biblioteca UTECO | 09/09/2019 | RD 371.97 H363H | 007609 | 09/09/2019 | 09/09/2019 | Libros | ||||
| Dewey Decimal Classification | Biblioteca UTECO | 09/09/2019 | RD 371.97 H363H | 007610 | 09/09/2019 | 09/09/2019 | Libros | |||||
| Dewey Decimal Classification | Descartado para donación | Biblioteca UTECO | 09/09/2019 | RD 371.97 H363H | 007611 | 09/09/2019 | 09/09/2019 | Libros |
